Modelling of dynamical systems /

Guardado en:
Otros Autores: Nicholson, H. (Editor , ed.)
Formato: Libro
Idioma:English
Publicado: Stevenage [Hertfordshire] ; New York : P. Peregrinus on behalf of the Institution of Electrical Engineers, c1980-1981.
Series:IEE control engineering series ; v. 12-13
Materias:
Etiquetas: Agregar Etiqueta
Sin Etiquetas, Sea el primero en etiquetar este registro!
LEADER 01042cam a22002655a 4500
001 EIQ.libpla000248
008 810520m19801981enka#####b####001#0#eng#d
005 20060511144352.0
245 0 0 |a Modelling of dynamical systems /  |c edited by H. Nicholson. 
260 |a Stevenage [Hertfordshire] ;  |a New York :  |b P. Peregrinus on behalf of the Institution of Electrical Engineers,  |c c1980-1981. 
300 |a 2 v. :  |b il. ;  |c 24 cm. 
440 0 |a IEE control engineering series ;  |v v. 12-13 
504 |a Incluye referencias bibliográficas e índice. 
020 |a 0906048389 (v. 1) 
020 |a 0906048451 (v. 2) 
700 1 |a Nicholson, H.  |q (Harold).,  |e ed.  |4 edt 
082 0 0 |a 003  |2 19 
650 4 |a Matemáticas  |x Análisis de sistemas. 
650 4 |a Modelos matemáticos  |x Teoría. 
650 4 |a Mathematics  |x System analysis. 
650 4 |a Mathematical models  |x Theory. 
010 |a  80040463  
040 |a DLC  |c DLC  |d AR-BbSID 
859 |a AR-BbSID  |b BIB. PLAPIQUI  |h 511.8  |i Ni52  |p 2631  |3 Vol. 1 
859 |a AR-BbSID  |b BIB. PLAPIQUI  |h 511.8  |i Ni52  |p 2630  |3 Vol. 2